Applied functional analysis / (رقم التسجيلة. 31686)

تفاصيل مارك
000 -الفاتح
حقل البيانات ثابتة الطول 01043cam a2200301 a 4500
001 - رقم الضبط
رقم الضبط 15996644
003 - محدد رقم الضبط
رقم الضبط OSt
005 - وقت وتاريخ اخر تعامل مع التسجيلة
رقم الضبط 20150408114147.0
008 - عناصر البيانات ثابتة الطول - معلومات عامة
حقل البيانات ثابتة الطول 091125s2010 flua b 001 0 eng
010 ## - رقم ضبط مكتبة الكونجرس
رقم ضبط مكتبة الكونجرس 2009047507
020 ## - الرقم الدولى المعيارى للكتب
الرقم الدولى المعيارى للكتاب 9781420091953 (hardcover : alk. paper)
020 ## - الرقم الدولى المعيارى للكتب
الرقم الدولى المعيارى للكتاب 1420091956 (hardcover : alk. paper)
035 ## - رقم ضبط النظام
رقم ضبط النظام (OCoLC)ocn231581282
040 ## - مصدر الفهرسة
وكالة الفهرسة الأصلية DLC
وكالة النسخ DLC
وكالة التعديل YDX
-- YDXCP
-- BWX
-- CDX
-- DLC
050 00 - رقم طلب مكتبة الكونجرس
رقم التصنيف QA320
رقم المادة .O29 2010
082 00 - رقم تصنيف ديوى العشرى
رقم التصنيف 515.7
رقم الطبعة 22
رقم المادة OJA
100 1# - المدخل الرئيسى - إسم شخصى
الإسم الشخصى Oden, J. Tinsley
الشكل الأكمل للاسم (John Tinsley),
التواريخ المصاحبة للاسم 1936-
9 (RLIN) 38898
245 10 - بيان العنوان
العنوان Applied functional analysis /
بيان المسئوليه,etc J. Tinsley Oden, Leszek F. Demkowicz.
250 ## - بيان الطبعة
بيان الطبعة 2nd ed.
260 ## - PUBLICATION, DISTRIBUTION, ETC. (IMPRINT)
مكان الناشر او الموزع Boca Raton, FL :
اسم الناشر او الموزع Chapman & Hall/CRC,
تاريخ النشر أو التوزيع c2010.
300 ## - الوصف المادى
التعداد xvii, 578 p. :
تفاصيل ماديه اخرى للوعاء ill. ;
أبعاد الوعاء 27 cm.
504 ## - تبصرة ببليوجرافية
تبصرة ببليوجرافية,الخ Includes bibliographical references (p. 569) and index.
650 #0 - المدخل الاضافى بالموضوع-مصطلح موضوعى
مصطلح موضوعي أو اسم جغرافي كعنصر مدخل Functional analysis.
9 (RLIN) 4418
700 1# - المدخل الاضافى - اسم شخصى
الإسم الشخصى Demkowicz, Leszek.
9 (RLIN) 38899
906 ## - عنصر بيانات محلى F, LDF (RLIN)
a 7
b cbc
c orignew
d 1
e ecip
f 20
g y-gencatlg
942 ## - عناصر المدخل الإضافي( كوها)
مصدر التصنيف او مخطط الترفيف Dewey Decimal Classification
Koha [default] item type كتاب
المقتنيات
حالة الفقد نموذج السعر الفعال حالة تلف ليس للاعارة رقم الطلب تاريخ الاكتساب الموقع الحالي الباركود الفرع الرئيسي Date last seen نوع المادة فى نظام كوها مصدر التصنيف او خطة الترفيف Total Checkouts
  2013-11-02     515.7 OJA 2013-11-02 المكتبة المركزية بالمجمعة (CL) 00403557 المكتبة المركزية بالمجمعة (CL) 2013-11-02 كتاب Dewey Decimal Classification  
  2013-11-02     515.7 OJA 2013-11-02 المكتبة المركزية بالمجمعة (CL) 00403558 المكتبة المركزية بالمجمعة (CL) 2013-11-02 كتاب Dewey Decimal Classification  
  2013-11-02     515.7 OJA 2013-11-02 المكتبة المركزية بالمجمعة (CL) 00403559 المكتبة المركزية بالمجمعة (CL) 2013-11-02 كتاب Dewey Decimal Classification  
  2013-11-02     515.7 OJA 2013-11-02 مكتبة مجمع الكليات بالزلفى - طلاب (SZM) 00403560 مكتبة مجمع الكليات بالزلفى - طلاب (SZM) 2013-11-02 كتاب Dewey Decimal Classification  
  2013-11-02     515.7 OJA 2013-11-02 مكتبة مجمع الكليات بالزلفى - طلاب (SZM) 00403561 مكتبة مجمع الكليات بالزلفى - طلاب (SZM) 2013-11-02 كتاب Dewey Decimal Classification